书目信息 |
| 题名: |
信号与系统分析
|
|
| 作者: | 邹云屏 , 林桦 编著 | |
| 分册: | ||
| 出版信息: | 北京 科学出版社 2003.03 |
|
| 页数: | 375页 | |
| 开本: | 24cm | |
| 丛书名: | 21世纪高等院校教材 | |
| 单 册: | ||
| 中图分类: | TN911.6 | |
| 科图分类: | ||
| 主题词: | 信号分析 , 信号系统--系统分析 , 信号系统 , 系统分析 | |
| 电子资源: | ||
| ISBN: | 7-03-011256-3 | |
| 000 | 00901nam2 2200289 45 | |
| 005 | 20051207094832.53 | |
| 010 | @a7-03-011256-3@dCNY 28.00 | |
| 100 | @a20030429d2003 ekmy0chiy0121 ea | |
| 101 | 0 | @achi |
| 102 | @aCN@b110000 | |
| 105 | @aa z 000yy | |
| 200 | 1 | @a信号与系统分析@Axin hao yu xi tong fen xi@f邹云屏, 林桦编著 |
| 210 | @a北京@c科学出版社@d2003.03 | |
| 215 | @a375页@c图@d24cm | |
| 225 | 2 | @a21世纪高等院校教材 |
| 320 | @a本书末附参考文献 | |
| 330 | @a本书内容: 信号与系统; LTI系统的时域分析; 连续信号与系统的Fourier分析; 离散时间信号与系统的Fourier分析...... | |
| 410 | 0 | @12001 @a21世纪高等院校教材 |
| 606 | 0 | @a信号分析 |
| 606 | 0 | @a信号系统@x系统分析 |
| 606 | 0 | @a信号系统 |
| 606 | 0 | @a系统分析 |
| 690 | @aTN911.6@v4 | |
| 701 | 0 | @a邹云屏@Azou yun ping@4编著 |
| 701 | 0 | @a林桦@Alin hua@4编著 |
| 801 | 0 | @aCN@bQSSKy1@c20051207 |
| 905 | @a10447@dTN911.6@eZ971 | |
| 信号与系统分析/邹云屏, 林桦编著.-北京:科学出版社,2003.03 |
| 375页:图;24cm.-(21世纪高等院校教材) |
| ISBN 7-03-011256-3:CNY 28.00 |
| 本书内容: 信号与系统; LTI系统的时域分析; 连续信号与系统的Fourier分析; 离散时间信号与系统的Fourier分析...... |
| ● |
| 相关链接 |
|
|
|
正题名:信号与系统分析
索取号:TN911.6/Z971
 
预约/预借
| 序号 | 登录号 | 条形码 | 馆藏地/架位号 | 状态 | 备注 |
| 1 | 435634 | 204356348 | 自科二线504/504自科库 8排4列3层/ [索取号:TN911.6/Z971] | 在馆 | |
| 2 | 435635 | 204356357 | 自科库301/301自科库 35排1列3层/ [索取号:TN911.6/Z971] | 在馆 | |
| 3 | 435636 | 204356366 | 自科库301/301自科库 35排1列3层/ [索取号:TN911.6/Z971] | 在馆 | |
| 4 | 545698 | 205456987 | 自科库301/301自科库 35排1列4层/ [索取号:TN911.6/Z971] | 在馆 | |
| 5 | 545699 | 205456996 | 自科库301/301自科库 35排1列4层/ [索取号:TN911.6/Z971] | 在馆 | |
| 6 | 545700 | 205457003 | 自科二线504/504自科库 8排4列3层/ [索取号:TN911.6/Z971] | 在馆 |